राजस्थान की लोकव्रत संस्कृति / (Record no. 48991)

MARC details
000 -LEADER
fixed length control field 01334nam a22002657a 4500
005 - DATE AND TIME OF LATEST TRANSACTION
control field 20101206113148.0
008 - FIXED-LENGTH DATA ELEMENTS--GENERAL INFORMATION
fixed length control field 101206t xxu||||| |||| 00| 0 hin d
010 ## - LCCN (DPL NO)
LC control number HIN-91190
020 ## - INTERNATIONAL STANDARD BOOK NUMBER
Terms of availability 350.00
035 ## - SYSTEM CONTROL NUMBER
System control number HN-63536
037 ## - SOURCE OF ACQUISITION
Source of stock number/acquisition DBAD/PUB
040 ## - CATALOGING SOURCE
Original cataloging agency DPL
Language of cataloging HN
082 ## - DEWEY DECIMAL CLASSIFICATION NUMBER
Classification number 398.2095442
100 ## - MAIN ENTRY--PERSONAL NAME
Personal name मेहता, कविता
9 (RLIN) 24598
245 ## - TITLE STATEMENT
Title राजस्थान की लोकव्रत संस्कृति /
Statement of responsibility, etc कविता मेहता
246 ## - VARYING FORM OF TITLE
Title proper/short title Rajasthan ki Lokvrata Sanskriti
Remainder of title by Kavita Mehta
260 ## - PUBLICATION, DISTRIBUTION, ETC. (IMPRINT)
Place of publication, distribution, etc दिल्ली
Name of publisher, distributor, etc सुभद्रा पब्लिशर्स एंड डिस्ट्री
Date of publication, distribution, etc 2009
270 ## - ADDRESS
Address बी-216, चन्दू नगर, करावल नगर रोड
City दिल्ली
Postal code 110094
300 ## - PHYSICAL DESCRIPTION
Extent 215पृ.
Dimensions 22सेमी (सजिल्द)
500 ## - GENERAL NOTE
General note समान ISBN 9788189399221 शीर्षक राजस्थान का सामाजिक एवं सांस्कृतिक इतिहासः?
650 ## - SUBJECT ADDED ENTRY--TOPICAL TERM
9 (RLIN) 1169
700 ## - ADDED ENTRY--PERSONAL NAME
9 (RLIN) 24599
942 ## - ADDED ENTRY ELEMENTS (KOHA)
Source of classification or shelving scheme Dewey Decimal Classification
Item type Hindi Books
Call number suffix मेहता
Classification part 398.2095442
Holdings
Withdrawn status Lost status Source of classification or shelving scheme Damaged status Not for loan Collection code Home library Current library Date acquired Source of acquisition Cost, normal purchase price Total Checkouts Full call number Barcode Date last seen Copy number Cost, replacement price Koha item type
    Dewey Decimal Classification   Not For Loan Non-fiction D.B.Act.Division D.B.Act.Division 06/12/2010 DBAD /PUB 350.00   398.2095442मेहता HN-63536 06/12/2010 1 350.00 Hindi Books

© Delhi Public Library
Hit Counter
free hit counter